| 000 | 00955nam a22002297a 4500 | ||
|---|---|---|---|
| 999 |
_c3069 _d3069 |
||
| 003 | AR-CdUCM | ||
| 008 | 190305b ||||| |||| 00| 0 spa d | ||
| 040 |
_aMUNICIPALIDAD PROVINCIAL DEL CUSCO _cBIBLIOTECA MUNICIPAL DEL CUSCO |
||
| 082 |
_a985.009 / _bB38 |
||
| 100 |
_aBelaunde, Javier de _910412 |
||
| 245 | _aSimón Bolívar / | ||
| 260 |
_aLima : _bVisión Peruana, _bMonterico, _c1987. |
||
| 300 |
_a63 páginas ; _bilustraciones, _c21 cm. |
||
| 440 |
_aLos que hicieron el Perú, Biblioteca visión peruana. _n39 _910413 |
||
| 500 | _aEsta publicación es un aporte de la revista Visión Peruana" - Cubierta posterior. | ||
| 505 | _aContenido: Nacimiento y primeros estudios de Bolívar -- Don Simón Bolívar -- Formación intelectual de Bolívar -- Matrimonio de Bolívar -- Bolívar viaja a Europa ... | ||
| 650 |
_aBiografía _922 |
||
| 650 |
_aHistoria _9136 |
||
| 650 |
_aPolítico, Militar _910414 |
||
| 942 |
_2ddc _cLIBROS |
||
| 945 | _aachl | ||